MARC details
| 000 -LEADER |
| fixed length control field |
02577cam a22003015a 4500 |
| 001 - CONTROL NUMBER |
| control field |
17379654 |
| 005 - DATE AND TIME OF LATEST TRANSACTION |
| control field |
20201128024324.0 |
| 008 - FIXED-LENGTH DATA ELEMENTS--GENERAL INFORMATION |
| fixed length control field |
120710t2013 nyua frb 001 0 eng d |
| 020 ## - INTERNATIONAL STANDARD BOOK NUMBER |
| International Standard Book Number |
9781461441380 |
| 040 ## - CATALOGING SOURCE |
| Original cataloging agency |
BTCTA |
| Language of cataloging |
eng |
| Transcribing agency |
BTCTA |
| Modifying agency |
YDXCP |
| -- |
CDX |
| -- |
OCLCO |
| -- |
ABC |
| -- |
BWX |
| -- |
MUU |
| -- |
DLC |
| -- |
EG-ScBUE |
| 082 04 - DEWEY DECIMAL CLASSIFICATION NUMBER |
| Classification number |
006.754 |
| Edition number |
22 |
| Item number |
SEC |
| 245 00 - TITLE STATEMENT |
| Title |
Security and privacy in social networks / |
| Statement of responsibility, etc |
Yaniv Altshuler ... [editors] |
| 260 ## - PUBLICATION, DISTRIBUTION, ETC. (IMPRINT) |
| Place of publication, distribution, etc |
New York : |
| Name of publisher, distributor, etc |
Springer, |
| Date of publication, distribution, etc |
c.2013. |
| 300 ## - PHYSICAL DESCRIPTION |
| Extent |
vi, 253 p. : |
| Other physical details |
ill. ; |
| Dimensions |
25 cm. |
| 504 ## - BIBLIOGRAPHY, ETC. NOTE |
| Bibliography, etc |
Includes bibliographical references and index. |
| 505 0# - FORMATTED CONTENTS NOTE |
| Formatted contents note |
Introduction to security and privacy in social networks / Yuval Elovici and Yaniv Altshuler -- Interdisciplinary impact analysis of privacy in social networks / Michael Netter, Sebastian Herbst, and Gunther Pernul -- Recognizing your digital friends / Patrik Bichsel, Jan Camenisch, and Mario Verdicchio -- Encryption for peer-to-peer social networks / Oleksandr Bodriagov and Sonja Buchegger -- Crowdsourcing and ethics: the employment of crowdsourcing workers for tasks that violate privacy and ethics / Christopher G. Harris and Padmini Srinivasan -- The effect of social status on decision-making and prices in financial networks / Yoel Krasny -- Stealing reality: when criminals become data scientists (or vice versa) / Yaniv Altshuler ... [et al.] -- Applications of k-anonymity and l-diversity in publishing online social networks / Na Li and Sajal K. Das -- Link reconstruction attack: using link prediction algorithms to compromise social networks privacy / Michael Fire ... [et al.] -- An analysis of anonymity in the Bitcoin system / Fergal Reid and Martin Harrigan -- Privacy-preserving data integration using decoupled data / Hye-Chung Kum, Stanley Ahalt, and Darshana Pathak. |
| 520 ## - SUMMARY, ETC. |
| Summary, etc |
"This book: Presents innovative solutions to social network security challenges ; Defines a new field of research in computer and communications security ; Raises emerging security problems in online social network environments."--Publisher's website. |
| 650 #7 - SUBJECT ADDED ENTRY--TOPICAL TERM |
| Topical term or geographic name as entry element |
Online social networks |
| General subdivision |
Security measures. |
| Source of heading or term |
BUEsh |
| 650 #7 - SUBJECT ADDED ENTRY--TOPICAL TERM |
| Topical term or geographic name as entry element |
Data encryption (Computer science) |
| Source of heading or term |
BUEsh |
| 9 (RLIN) |
2635 |
| 650 #7 - SUBJECT ADDED ENTRY--TOPICAL TERM |
| Topical term or geographic name as entry element |
Data protection. |
| Source of heading or term |
BUEsh |
| 9 (RLIN) |
41089 |
| 650 #0 - SUBJECT ADDED ENTRY--TOPICAL TERM |
| Topical term or geographic name as entry element |
Computer crimes |
| General subdivision |
Prevention. |
| Source of heading or term |
BUEsh |
| 651 ## - SUBJECT ADDED ENTRY--GEOGRAPHIC NAME |
| Source of heading or term |
BUEsh |
| 653 ## - INDEX TERM--UNCONTROLLED |
| Resource For college |
Informatics and Computer Science |
| Arrived date list |
April2018 |
| 700 1# - ADDED ENTRY--PERSONAL NAME |
| Personal name |
Altshuler, Yaniv, |
| Relator term |
editor. |
| 856 42 - ELECTRONIC LOCATION AND ACCESS |
| Materials specified |
Publisher description |
| Uniform Resource Identifier |
<a href="http://www.loc.gov/catdir/enhancements/fy1306/2012943943-d.html">http://www.loc.gov/catdir/enhancements/fy1306/2012943943-d.html</a> |
| 856 41 - ELECTRONIC LOCATION AND ACCESS |
| Materials specified |
Table of contents only |
| Uniform Resource Identifier |
<a href="http://www.loc.gov/catdir/enhancements/fy1306/2012943943-t.html">http://www.loc.gov/catdir/enhancements/fy1306/2012943943-t.html</a> |
| 942 ## - ADDED ENTRY ELEMENTS (KOHA) |
| Source of classification or shelving scheme |
Dewey Decimal Classification |